[Event "H. C. Andersen Mindgames"]
[Site "?"]
[Date "2012.05.19"]
[Round "7.2"]
[White "Haub, 2476, IM Thorsten Michael"]
[Black "Danielsen, 2498, GM Henrik"]
[Result "1/2-1/2"]
[LiveChessVersion "1.3.1"]
[BlackElo "2498"]
[WhiteElo "2476"]

1. g3 {[%clk 1:30:53]} g6 {[%clk 1:28:03]} 2. Bg2 {[%clk 1:31:16]} Bg7
{[%clk 1:28:24]} 3. Nf3 {[%clk 1:31:33]} d6 {[%clk 1:26:18]} 4. d3
{[%clk 1:31:15]} Nf6 {[%clk 1:25:42]} 5. e4 {[%clk 1:31:07]} O-O {[%clk 1:25:07]}
6. O-O {[%clk 1:31:29]} e5 {[%clk 1:20:26]} 7. Nbd2 {[%clk 1:30:54]} Nc6
{[%clk 1:20:24]} 8. c3 {[%clk 1:30:12]} a5 {[%clk 1:20:42]} 9. a4
{[%clk 1:30:20]} h6 {[%clk 1:18:57]} 10. Re1 {[%clk 1:22:33]} b6 {[%clk 1:04:28]}
11. d4 {[%clk 1:17:55]} Nh7 {[%clk 1:03:55]} 12. dxe5 {[%clk 1:09:37]} dxe5
{[%clk 1:01:50]} 13. b3 {[%clk 1:07:56]} Re8 {[%clk 1:01:15]} 14. Bf1
{[%clk 1:07:43]} Qf6 {[%clk 1:00:19]} 15. h3 {[%clk 1:03:47]} Bf8
{[%clk 0:59:06]} 16. Nc4 {[%clk 0:59:19]} Rd8 {[%clk 0:57:38]} 17. Qe2
{[%clk 0:59:42]} Ba6 {[%clk 0:57:30]} 18. Kg2 {[%clk 0:59:41]} Rd7
{[%clk 0:53:08]} 19. Qc2 {[%clk 0:58:41]} Rad8 {[%clk 0:49:29]} 20. Ne3
{[%clk 0:57:55]} Bxf1+ {[%clk 0:46:18]} 21. Rxf1 {[%clk 0:58:07]} Qe6
{[%clk 0:46:30]} 22. Ba3 {[%clk 0:53:13]} Bxa3 {[%clk 0:44:53]} 23. Rxa3
{[%clk 0:53:36]} Nf6 {[%clk 0:43:41]} 24. Raa1 {[%clk 0:53:15]} Kg7
{[%clk 0:39:14]} 25. Rad1 {[%clk 0:51:44]} Rxd1 {[%clk 0:39:24]} 26. Rxd1
{[%clk 0:52:06]} Rxd1 {[%clk 0:39:45]} 27. Nxd1 {[%clk 0:52:29]} Nb8
{[%clk 0:40:04]} 28. Ne3 {[%clk 0:49:29]} Nbd7 {[%clk 0:40:26]} 29. Nd2
{[%clk 0:48:35]} h5 {[%clk 0:37:37]} 30. h4 {[%clk 0:47:11]} Ng4 {[%clk 0:37:49]}
31. Ndc4 {[%clk 0:46:20]} Nc5 {[%clk 0:36:03]} 32. b4 {[%clk 0:38:51]} Nxe3+
{[%clk 0:34:15]} 33. Nxe3 {[%clk 0:39:12]} Nd7 {[%clk 0:34:35]} 34. f3
{[%clk 0:36:45]} Qc6 {[%clk 0:34:01]} 35. Qb3 {[%clk 0:34:17]} b5
{[%clk 0:26:19]} 36. axb5 {[%clk 0:29:06]} Qxb5 {[%clk 0:26:42]} 37. Qc4
{[%clk 0:29:04]} Qxc4 {[%clk 0:26:33]} 38. Nxc4 {[%clk 0:29:26]} axb4
{[%clk 0:26:58]} 1/2-1/2

[Event "H. C. Andersen Mindgames"]
[Site "?"]
[Date "2012.05.19"]
[Round "7.3"]
[White "Hagen, 2445, IM Andreas Skytte"]
[Black "Maksimenko, 2554, GM Andrei"]
[Result "1-0"]
[LiveChessVersion "1.3.1"]
[BlackElo "2554"]
[WhiteElo "2445"]

1. e4 {[%clk 1:30:57]} c5 {[%clk 1:30:45]} 2. Nf3 {[%clk 1:31:24]} d6
{[%clk 1:30:34]} 3. d4 {[%clk 1:31:50]} cxd4 {[%clk 1:30:59]} 4. Nxd4
{[%clk 1:32:15]} e6 {[%clk 1:30:02]} 5. Nc3 {[%clk 1:31:45]} a6 {[%clk 1:30:28]}
6. Be3 {[%clk 1:30:53]} b5 {[%clk 1:28:04]} 7. Qd2 {[%clk 1:28:56]} Bb7
{[%clk 1:21:24]} 8. f3 {[%clk 1:29:05]} Ne7 {[%clk 1:21:13]} 9. O-O-O
{[%clk 1:24:59]} Nbc6 {[%clk 1:18:31]} 10. Nb3 {[%clk 1:09:39]} Nc8
{[%clk 1:14:16]} 11. Qf2 {[%clk 1:03:04]} Be7 {[%clk 1:13:48]} 12. h4
{[%clk 1:01:11]} O-O {[%clk 1:13:43]} 13. g4 {[%clk 0:56:08]} Na5
{[%clk 0:51:47]} 14. Nxa5 {[%clk 0:48:00]} Qxa5 {[%clk 0:52:07]} 15. Kb1
{[%clk 0:47:50]} Rb8 {[%clk 0:43:28]} 16. Ne2 {[%clk 0:41:20]} Ba8
{[%clk 0:23:09]} 17. Nd4 {[%clk 0:41:05]} Qc7 {[%clk 0:22:42]} 18. g5
{[%clk 0:40:38]} Nb6 {[%clk 0:22:36]} 19. h5 {[%clk 0:39:19]} Nc4
{[%clk 0:22:07]} 20. g6 {[%clk 0:35:51]} Nxe3 {[%clk 0:18:36]} 21. gxf7+
{[%clk 0:25:21]} Kxf7 {[%clk 0:17:40]} 22. Qxe3 {[%clk 0:25:46]} Bf6
{[%clk 0:17:54]} 23. Bh3 {[%clk 0:24:53]} Rfe8 {[%clk 0:16:40]} 24. Rd3
{[%clk 0:20:29]} Rbd8 {[%clk 0:12:01]} 25. Rhd1 {[%clk 0:19:33]} Qc5
{[%clk 0:10:30]} 26. Nxe6 {[%clk 0:18:57]} Qxh5 {[%clk 0:10:13]} 27. Nxd8+
{[%clk 0:16:22]} Rxd8 {[%clk 0:09:43]} 28. Qa7+ {[%clk 0:16:20]} Be7
{[%clk 0:10:06]} 29. Bg4 {[%clk 0:16:15]} Qh2 {[%clk 0:10:20]} 30. Qxa6
{[%clk 0:13:55]} h5 {[%clk 0:10:22]} 31. Bc8 {[%clk 0:14:18]} 1-0

[Event "H. C. Andersen Mindgames"]
[Site "?"]
[Date "2012.05.19"]
[Round "7.4"]
[White "Lund, 2401, IM Silas"]
[Black "Skytte, 2394, IM Rasmus"]
[Result "1/2-1/2"]
[LiveChessVersion "1.3.1"]
[BlackElo "2394"]
[WhiteElo "2401"]

1. d4 {[%clk 1:30:57]} Nf6 {[%clk 1:30:54]} 2. c4 {[%clk 1:31:11]} c5
{[%clk 1:31:19]} 3. d5 {[%clk 1:31:31]} b5 {[%clk 1:31:42]} 4. cxb5
{[%clk 1:31:52]} a6 {[%clk 1:32:07]} 5. bxa6 {[%clk 1:32:02]} g6 {[%clk 1:32:26]}
6. Nc3 {[%clk 1:32:08]} Bxa6 {[%clk 1:32:47]} 7. g3 {[%clk 1:32:17]} d6
{[%clk 1:33:00]} 8. Bg2 {[%clk 1:32:34]} Bg7 {[%clk 1:33:15]} 9. Nf3
{[%clk 1:32:52]} Nbd7 {[%clk 1:32:26]} 10. Rb1 {[%clk 1:32:26]} Nb6
{[%clk 1:32:45]} 11. b3 {[%clk 1:32:03]} Bb7 {[%clk 1:32:56]} 12. Nh4
{[%clk 1:25:14]} O-O {[%clk 1:32:56]} 13. O-O {[%clk 1:24:55]} Ne8
{[%clk 1:33:15]} 14. Bb2 {[%clk 1:21:51]} Nc7 {[%clk 1:28:45]} 15. Qd2
{[%clk 1:13:49]} Bxc3 {[%clk 1:15:55]} 16. Bxc3 {[%clk 1:11:07]} Nbxd5
{[%clk 1:14:33]} 17. Ba1 {[%clk 1:09:25]} Qc8 {[%clk 1:08:07]} 18. e4
{[%clk 0:39:27]} Nf6 {[%clk 1:03:30]} 19. Rfe1 {[%clk 0:37:07]} Ne6
{[%clk 0:58:00]} 20. a4 {[%clk 0:35:34]} Rd8 {[%clk 0:52:41]} 21. Rbc1
{[%clk 0:30:00]} Bc6 {[%clk 0:50:36]} 22. f4 {[%clk 0:25:07]} Qb7
{[%clk 0:36:25]} 23. f5 {[%clk 0:24:23]} Nd4 {[%clk 0:34:47]} 24. Bxd4
{[%clk 0:24:23]} cxd4 {[%clk 0:35:06]} 25. fxg6 {[%clk 0:14:18]} hxg6
{[%clk 0:34:54]} 26. Rxc6 {[%clk 0:09:14]} Qxc6 {[%clk 0:35:06]} 27. e5
{[%clk 0:09:39]} Nd5 {[%clk 0:33:32]} 28. e6 {[%clk 0:09:13]} Qc3
{[%clk 0:31:51]} 29. exf7+ {[%clk 0:04:37]} Kg7 {[%clk 0:28:23]} 30. Nf5+
{[%clk 0:04:31]} Kf6 {[%clk 0:28:19]} 31. Qxd4+ {[%clk 0:04:05]} e5
{[%clk 0:27:47]} 32. Qxc3 {[%clk 0:01:18]} Nxc3 {[%clk 0:28:00]} 33. Bxa8
{[%clk 0:00:37]} gxf5 {[%clk 0:28:00]} 34. Bc6 {[%clk 0:00:45]} Kxf7
{[%clk 0:26:51]} 35. Re3 {[%clk 0:00:56]} Na2 {[%clk 0:26:57]} 36. a5
{[%clk 0:00:44]} Rc8 {[%clk 0:22:20]} 37. Bd5+ {[%clk 0:00:39]} Kf6
{[%clk 0:21:54]} 38. a6 {[%clk 0:00:59]} Nb4 {[%clk 0:22:12]} 39. Bb7
{[%clk 0:01:17]} Rc1+ {[%clk 0:22:35]} 40. Kg2 {[%clk 0:00:55]} Ra1
{[%clk 0:22:05]} 41. Rc3 {[%clk 0:01:13]} e4 {[%clk 0:17:56]} 42. Rc8
{[%clk 0:01:16]} Ra2+ {[%clk 0:17:52]} 43. Kf1 {[%clk 0:00:53]} Nxa6
{[%clk 0:17:48]} 44. Rc6 {[%clk 0:01:12]} Nb4 {[%clk 0:17:41]} 45. Rxd6+
{[%clk 0:01:36]} Kg5 {[%clk 0:14:11]} 46. Bxe4 {[%clk 0:01:22]} fxe4
{[%clk 0:12:44]} 47. Rd4 {[%clk 0:01:48]} Nd3 {[%clk 0:12:01]} 48. Rxe4
{[%clk 0:02:02]} Rxh2 {[%clk 0:12:06]} 49. Rd4 {[%clk 0:01:43]} Ne5
{[%clk 0:08:00]} 50. Re4 {[%clk 0:01:49]} Nf3 {[%clk 0:07:57]} 51. Re2
{[%clk 0:01:56]} Rxe2 {[%clk 0:06:39]} 52. Kxe2 {[%clk 0:02:21]} Nd4+
{[%clk 0:07:05]} 53. Kd3 {[%clk 0:02:44]} 1/2-1/2

[Event "H. C. Andersen Mindgames"]
[Site "?"]
[Date "2012.05.19"]
[Round "7.5"]
[White "Rusev, 2525, GM Krasimir"]
[Black "Carlstedt, 2354, IM Jonathan"]
[Result "1-0"]
[LiveChessVersion "1.3.1"]
[BlackElo "2354"]
[WhiteElo "2525"]

1. d4 {[%clk 1:30:38]} d5 {[%clk 1:28:53]} 2. c4 {[%clk 1:30:55]} e6
{[%clk 1:29:19]} 3. Nf3 {[%clk 1:31:14]} c5 {[%clk 1:29:42]} 4. cxd5
{[%clk 1:30:53]} exd5 {[%clk 1:30:06]} 5. g3 {[%clk 1:31:14]} Nf6
{[%clk 1:30:32]} 6. Bg2 {[%clk 1:31:29]} Be7 {[%clk 1:30:55]} 7. O-O
{[%clk 1:31:45]} O-O {[%clk 1:31:19]} 8. dxc5 {[%clk 1:31:30]} Bxc5
{[%clk 1:31:31]} 9. a3 {[%clk 1:31:17]} d4 {[%clk 1:28:52]} 10. b4
{[%clk 1:28:31]} Bb6 {[%clk 1:29:17]} 11. Bb2 {[%clk 1:28:13]} d3
{[%clk 1:28:07]} 12. e3 {[%clk 1:05:07]} Nc6 {[%clk 1:24:10]} 13. Nbd2
{[%clk 1:05:25]} Be6 {[%clk 1:21:48]} 14. Rc1 {[%clk 1:02:56]} a5
{[%clk 1:10:14]} 15. b5 {[%clk 1:02:51]} Na7 {[%clk 1:10:30]} 16. a4
{[%clk 1:01:22]} Rc8 {[%clk 1:10:33]} 17. Rxc8 {[%clk 0:46:13]} Nxc8
{[%clk 1:09:10]} 18. Qb1 {[%clk 0:43:36]} Nd5 {[%clk 1:02:23]} 19. Qxd3
{[%clk 0:40:39]} Nce7 {[%clk 0:59:31]} 20. Nc4 {[%clk 0:33:44]} Nf4
{[%clk 0:58:08]} 21. Qxd8 {[%clk 0:34:03]} Bxd8 {[%clk 0:58:28]} 22. gxf4
{[%clk 0:34:14]} Bxc4 {[%clk 0:58:30]} 23. Rc1 {[%clk 0:34:29]} Bd5
{[%clk 0:58:03]} 24. Ne5 {[%clk 0:31:37]} Bxg2 {[%clk 0:55:00]} 25. Kxg2
{[%clk 0:31:41]} Nd5 {[%clk 0:55:17]} 26. Rd1 {[%clk 0:26:55]} 1-0

[Event "H. C. Andersen Mindgames"]
[Site "?"]
[Date "2012.05.19"]
[Round "7.6"]
[White "Fries-Nielsen, 2326, Niels Jorgen"]
[Black "Aagaard, 2505, GM Jacob"]
[Result "0-1"]
[LiveChessVersion "1.3.1"]
[BlackElo "2505"]
[WhiteElo "2326"]

1. d3 {[%clk 1:30:39]} d5 {[%clk 1:26:41]} 2. Nf3 {[%clk 1:30:42]} c6
{[%clk 1:26:11]} 3. g3 {[%clk 1:30:45]} Bg4 {[%clk 1:26:28]} 4. Bg2
{[%clk 1:29:37]} Nd7 {[%clk 1:26:42]} 5. O-O {[%clk 1:28:10]} Ngf6
{[%clk 1:26:55]} 6. h3 {[%clk 1:27:24]} Bh5 {[%clk 1:25:13]} 7. Nbd2
{[%clk 1:25:56]} e5 {[%clk 1:24:27]} 8. e4 {[%clk 1:25:28]} dxe4 {[%clk 1:24:40]}
9. Nxe4 {[%clk 1:24:45]} Nxe4 {[%clk 1:22:47]} 10. dxe4 {[%clk 1:24:26]} Be7
{[%clk 1:22:57]} 11. Qe2 {[%clk 1:17:04]} O-O {[%clk 1:22:36]} 12. Be3
{[%clk 1:12:32]} Qc7 {[%clk 1:21:02]} 13. Rad1 {[%clk 1:09:16]} a5
{[%clk 1:13:02]} 14. a4 {[%clk 1:05:33]} f6 {[%clk 1:10:50]} 15. b3
{[%clk 1:03:37]} Rfd8 {[%clk 1:01:05]} 16. g4 {[%clk 0:54:10]} Bf7
{[%clk 0:59:31]} 17. Nh4 {[%clk 0:53:49]} Nc5 {[%clk 0:52:52]} 18. Nf5
{[%clk 0:49:47]} Bf8 {[%clk 0:53:08]} 19. g5 {[%clk 0:47:54]} fxg5
{[%clk 0:51:10]} 20. Bxg5 {[%clk 0:46:27]} Rxd1 {[%clk 0:47:52]} 21. Rxd1
{[%clk 0:45:07]} Ne6 {[%clk 0:44:46]} 22. Be3 {[%clk 0:43:59]} Rd8
{[%clk 0:23:54]} 23. Rxd8 {[%clk 0:41:13]} Qxd8 {[%clk 0:24:18]} 24. Qd2
{[%clk 0:39:49]} Qc7 {[%clk 0:23:20]} 25. Bf1 {[%clk 0:38:47]} Nf4
{[%clk 0:22:07]} 26. Kh2 {[%clk 0:31:58]} g6 {[%clk 0:19:33]} 27. Nh4
{[%clk 0:29:38]} Bb4 {[%clk 0:18:54]} 28. Qd1 {[%clk 0:27:14]} Qe7
{[%clk 0:18:02]} 29. Qg4 {[%clk 0:25:20]} Be6 {[%clk 0:15:40]} 30. Nf5
{[%clk 0:23:37]} Qf6 {[%clk 0:14:03]} 31. Bxf4 {[%clk 0:20:38]} exf4
{[%clk 0:13:16]} 32. Bc4 {[%clk 0:20:42]} Bxc4 {[%clk 0:12:12]} 33. bxc4
{[%clk 0:21:10]} h5 {[%clk 0:11:50]} 34. Qh4 {[%clk 0:19:33]} Kf7
{[%clk 0:09:00]} 35. Qxf6+ {[%clk 0:18:55]} Kxf6 {[%clk 0:09:28]} 36. Nh4
{[%clk 0:19:18]} Ke5 {[%clk 0:06:08]} 37. f3 {[%clk 0:16:47]} Kd4
{[%clk 0:05:50]} 38. Nxg6 {[%clk 0:17:04]} Kxc4 {[%clk 0:06:12]} 39. e5
{[%clk 0:17:17]} b5 {[%clk 0:04:58]} 40. Nxf4 {[%clk 0:17:11]} bxa4
{[%clk 0:02:55]} 41. Nd3 {[%clk 0:17:36]} Kd5 {[%clk 0:02:49]} 42. c4+
{[%clk 0:17:39]} Ke6 {[%clk 0:02:42]} 43. f4 {[%clk 0:17:09]} a3 {[%clk 0:02:21]}
44. Nc1 {[%clk 0:17:25]} Bd2 {[%clk 0:02:37]} 45. Na2 {[%clk 0:17:20]} Bxf4+
{[%clk 0:02:50]} 46. Kg2 {[%clk 0:17:47]} Kxe5 {[%clk 0:01:48]} 47. Kf3
{[%clk 0:18:13]} Bh6 0-1

[Event "H. C. Andersen Mindgames"]
[Site "?"]
[Date "2012.05.19"]
[Round "7.8"]
[White "Antonsen, 2446, IM Mikkel"]
[Black "Ochsner, 2285, Bjorn Moller"]
[Result "1-0"]
[LiveChessVersion "1.3.1"]
[BlackElo "2285"]
[WhiteElo "2446"]

1. d4 {[%clk 1:30:58]} Nf6 {[%clk 1:30:52]} 2. c4 {[%clk 1:31:24]} g6
{[%clk 1:31:06]} 3. Nc3 {[%clk 1:31:49]} Bg7 {[%clk 1:31:29]} 4. e4
{[%clk 1:32:16]} d6 {[%clk 1:31:52]} 5. f3 {[%clk 1:32:42]} O-O {[%clk 1:32:00]}
6. Nge2 {[%clk 1:32:43]} c5 {[%clk 1:31:48]} 7. d5 {[%clk 1:32:40]} e6
{[%clk 1:30:53]} 8. Ng3 {[%clk 1:33:01]} exd5 {[%clk 1:30:44]} 9. cxd5
{[%clk 1:32:53]} h5 {[%clk 1:26:15]} 10. Bg5 {[%clk 1:32:22]} Qb6
{[%clk 1:24:19]} 11. Qd2 {[%clk 1:31:03]} Nh7 {[%clk 1:19:45]} 12. Bh4
{[%clk 1:28:46]} Re8 {[%clk 1:18:55]} 13. Be2 {[%clk 1:25:41]} Nd7
{[%clk 1:11:48]} 14. O-O {[%clk 1:23:46]} Qb4 {[%clk 1:02:10]} 15. Kh1
{[%clk 1:19:31]} a6 {[%clk 0:57:12]} 16. a4 {[%clk 1:10:31]} Ne5 {[%clk 0:50:47]}
17. f4 {[%clk 0:56:10]} Nc4 {[%clk 0:48:32]} 18. Bxc4 {[%clk 0:56:36]} Qxc4
{[%clk 0:48:55]} 19. f5 {[%clk 0:56:53]} Qd4 {[%clk 0:41:56]} 20. Qf4
{[%clk 0:49:56]} Be5 {[%clk 0:40:57]} 21. Qf3 {[%clk 0:50:06]} g5
{[%clk 0:34:59]} 22. Nge2 {[%clk 0:50:31]} Qc4 {[%clk 0:33:21]} 23. Bg3
{[%clk 0:50:29]} f6 {[%clk 0:06:37]} 24. Qxh5 {[%clk 0:47:43]} Re7
{[%clk 0:06:11]} 25. Bxe5 {[%clk 0:47:49]} dxe5 {[%clk 0:05:42]} 26. d6
{[%clk 0:45:34]} Rf7 {[%clk 0:04:55]} 27. Ng3 {[%clk 0:40:19]} Bd7
{[%clk 0:02:37]} 28. Nd5 {[%clk 0:40:37]} Qb3 {[%clk 0:01:33]} 29. Qh6
{[%clk 0:37:27]} Bc6 {[%clk 0:00:53]} 30. Qg6+ {[%clk 0:33:41]} Kf8
{[%clk 0:01:21]} 31. Nc7 {[%clk 0:34:02]} Re8 {[%clk 0:00:36]} 32. Ra3
{[%clk 0:27:53]} Qc4 {[%clk 0:00:31]} 33. Rc3 {[%clk 0:28:18]} Qxa4
{[%clk 0:00:34]} 34. Ne6+ {[%clk 0:27:55]} Rxe6 {[%clk 0:01:01]} 35. fxe6
{[%clk 0:28:19]} Rg7 {[%clk 0:00:47]} 36. Qh6 {[%clk 0:28:27]} Qb5
{[%clk 0:00:49]} 37. Rcf3 {[%clk 0:27:57]} g4 {[%clk 0:00:43]} 38. Nf5
{[%clk 0:27:56]} gxf3 {[%clk 0:00:52]} 39. Qxg7+ {[%clk 0:28:21]} Ke8 40. Qe7#
1-0

[Event "H. C. Andersen Mindgames"]
[Site "?"]
[Date "2012.05.19"]
[Round "7.11"]
[White "Christensen, 2251, Bo Garner"]
[Black "Bonnelykke, 2027, Ole"]
[Result "0-1"]
[LiveChessVersion "1.3.1"]
[BlackElo "2027"]
[WhiteElo "2251"]

1. e4 {[%clk 1:30:55]} c5 {[%clk 1:30:47]} 2. Nf3 {[%clk 1:31:17]} e6
{[%clk 1:31:04]} 3. b4 {[%clk 1:31:41]} Nf6 {[%clk 1:27:01]} 4. e5
{[%clk 1:31:17]} Nd5 {[%clk 1:26:58]} 5. bxc5 {[%clk 1:31:33]} Bxc5
{[%clk 1:26:56]} 6. c3 {[%clk 1:31:56]} Qc7 {[%clk 1:22:56]} 7. a4
{[%clk 1:30:19]} O-O {[%clk 1:16:41]} 8. d4 {[%clk 1:29:28]} Nxc3
{[%clk 1:11:08]} 9. Nxc3 {[%clk 1:27:51]} Bb4 {[%clk 1:11:22]} 10. Bd2
{[%clk 1:28:03]} Bxc3 {[%clk 1:11:28]} 11. Rc1 {[%clk 1:28:26]} Bxd2+
{[%clk 1:11:35]} 12. Qxd2 {[%clk 1:28:50]} Nc6 {[%clk 1:11:27]} 13. Bd3
{[%clk 1:29:04]} Qa5 {[%clk 1:07:31]} 14. Rc3 {[%clk 1:28:17]} Nb4
{[%clk 0:58:32]} 15. Bxh7+ {[%clk 1:18:59]} Kxh7 {[%clk 0:56:20]} 16. Ng5+
{[%clk 1:19:17]} Kg8 {[%clk 0:51:37]} 17. O-O {[%clk 1:19:23]} f6
{[%clk 0:49:40]} 18. exf6 {[%clk 1:17:46]} Rxf6 {[%clk 0:48:01]} 19. Rc5
{[%clk 1:16:47]} Qd8 {[%clk 0:38:09]} 20. Qxb4 {[%clk 1:16:21]} b6
{[%clk 0:34:39]} 21. Rc3 {[%clk 1:11:50]} Bb7 {[%clk 0:30:52]} 22. f4
{[%clk 1:03:14]} Rc8 {[%clk 0:25:51]} 23. Rh3 {[%clk 1:02:59]} Rxf4
{[%clk 0:20:59]} 24. Rxf4 {[%clk 0:54:26]} Qxg5 {[%clk 0:21:11]} 25. Qd2
{[%clk 0:54:49]} Rc1+ 0-1

[Event "H. C. Andersen Mindgames"]
[Site "?"]
[Date "2012.05.19"]
[Round "7.12"]
[White "Rostgaard, 2255, Tobias Valentin"]
[Black "Eriksson, 2149, Christian"]
[Result "1/2-1/2"]
[LiveChessVersion "1.3.1"]
[BlackElo "2149"]
[WhiteElo "2255"]

1. e4 {[%clk 1:30:57]} c5 {[%clk 1:30:48]} 2. Nf3 {[%clk 1:31:21]} Nc6
{[%clk 1:31:13]} 3. Bb5 {[%clk 1:30:26]} g6 {[%clk 1:31:24]} 4. O-O
{[%clk 1:30:47]} Bg7 {[%clk 1:31:43]} 5. Bxc6 {[%clk 1:30:34]} dxc6
{[%clk 1:32:11]} 6. d3 {[%clk 1:30:37]} e5 {[%clk 1:29:42]} 7. h3
{[%clk 1:29:49]} f6 {[%clk 1:28:11]} 8. Be3 {[%clk 1:29:50]} b6 {[%clk 1:28:02]}
9. Nc3 {[%clk 1:28:51]} Nh6 {[%clk 1:27:22]} 10. a3 {[%clk 1:23:50]} Qe7
{[%clk 1:24:40]} 11. Qd2 {[%clk 1:22:00]} Nf7 {[%clk 1:24:46]} 12. b4
{[%clk 1:21:48]} cxb4 {[%clk 1:17:42]} 13. axb4 {[%clk 1:22:09]} Bb7
{[%clk 1:17:31]} 14. b5 {[%clk 1:19:35]} O-O {[%clk 1:14:14]} 15. bxc6
{[%clk 1:17:28]} Bxc6 {[%clk 1:14:06]} 16. Qe2 {[%clk 1:12:40]} Bh6
{[%clk 1:10:52]} 17. Bxh6 {[%clk 1:12:11]} Nxh6 {[%clk 1:11:20]} 18. Nd5
{[%clk 1:04:30]} Bxd5 {[%clk 1:08:14]} 19. exd5 {[%clk 1:04:41]} Nf5
{[%clk 1:06:53]} 20. c4 {[%clk 1:04:31]} Qc5 {[%clk 1:06:06]} 21. g4
{[%clk 1:01:47]} Ng3 {[%clk 1:05:16]} 22. Qe3 {[%clk 0:57:18]} Nxf1
{[%clk 1:04:04]} 23. Rxf1 {[%clk 0:57:39]} Rfe8 {[%clk 0:59:55]} 24. Nd2
{[%clk 0:57:08]} Qxe3 {[%clk 0:53:01]} 25. fxe3 {[%clk 0:56:43]} Kg7
{[%clk 0:53:17]} 26. Ne4 {[%clk 0:55:21]} Rf8 {[%clk 0:52:54]} 27. Ra1
{[%clk 0:52:55]} Rfc8 {[%clk 0:45:07]} 28. Nd6 {[%clk 0:52:39]} Rd8
{[%clk 0:43:09]} 29. Nb5 {[%clk 0:52:24]} Rd7 {[%clk 0:42:39]} 30. Ra6
{[%clk 0:52:30]} Kf7 {[%clk 0:36:43]} 31. Kf2 {[%clk 0:46:21]} h5
{[%clk 0:30:40]} 32. Kf3 {[%clk 0:46:31]} hxg4+ {[%clk 0:30:53]} 33. hxg4
{[%clk 0:46:55]} f5 {[%clk 0:29:29]} 34. d4 {[%clk 0:42:40]} exd4
{[%clk 0:22:38]} 35. exd4 {[%clk 0:35:47]} fxg4+ {[%clk 0:22:17]} 36. Kxg4
{[%clk 0:35:54]} Kg7 {[%clk 0:18:04]} 37. Kf4 {[%clk 0:29:10]} Rf7+
{[%clk 0:17:01]} 38. Kg5 {[%clk 0:20:18]} Rf5+ {[%clk 0:10:44]} 39. Kg4
{[%clk 0:20:32]} Kh6 {[%clk 0:09:56]} 40. Rxa7 {[%clk 0:15:08]} Raf8
{[%clk 0:09:05]} 41. Ra3 {[%clk 0:14:11]} Rg5+ {[%clk 0:08:25]} 42. Kh3
{[%clk 0:13:20]} Kg7 {[%clk 0:06:07]} 43. Rg3 {[%clk 0:11:30]} Rxg3+
{[%clk 0:04:49]} 44. Kxg3 {[%clk 0:11:52]} Rf1 {[%clk 0:04:44]} 45. c5
{[%clk 0:10:02]} bxc5 {[%clk 0:04:15]} 46. dxc5 {[%clk 0:10:26]} Kf7
{[%clk 0:04:18]} 47. c6 {[%clk 0:05:08]} Rc1 {[%clk 0:04:24]} 48. c7
{[%clk 0:03:56]} Ke7 {[%clk 0:02:43]} 49. d6+ {[%clk 0:04:11]} Kd7
{[%clk 0:02:47]} 50. Na7 {[%clk 0:04:34]} 1/2-1/2

[Event "H. C. Andersen Mind Games"]
[Site "?"]
[Date "2012.05.19"]
[Round "7.13"]
[White "Pedersen, 2112, Henrik Bolding"]
[Black "Tari, 2216, Aryan"]
[Result "1/2-1/2"]
[BlackElo "2216"]
[WhiteElo "2112"]

1. e4 {[%clk 1:30:56]} c6 {[%clk 1:30:34]} 2. Nc3 {[%clk 1:31:00]} d5
{[%clk 1:30:53]} 3. Nf3 {[%clk 1:31:18]} Bg4 {[%clk 1:31:18]} 4. h3
{[%clk 1:31:39]} Bxf3 {[%clk 1:31:46]} 5. Qxf3 {[%clk 1:31:59]} Nf6
{[%clk 1:32:14]} 6. d3 {[%clk 1:32:14]} e6 {[%clk 1:32:37]} 7. Bd2
{[%clk 1:32:16]} Bb4 {[%clk 1:32:54]} 8. e5 {[%clk 1:30:32]} Nfd7
{[%clk 1:31:30]} 9. Qg4 {[%clk 1:30:46]} Bf8 {[%clk 1:27:49]} 10. f4
{[%clk 1:30:46]} c5 {[%clk 1:26:00]} 11. O-O-O {[%clk 1:28:26]} Nc6
{[%clk 1:24:58]} 12. Re1 {[%clk 1:15:23]} Nd4 {[%clk 1:22:00]} 13. f5
{[%clk 1:07:19]} exf5 {[%clk 1:18:24]} 14. Qf4 {[%clk 1:02:52]} Nb6
{[%clk 1:15:48]} 15. g4 {[%clk 1:00:27]} fxg4 {[%clk 1:14:58]} 16. hxg4
{[%clk 0:57:54]} Be7 {[%clk 1:04:04]} 17. Bg2 {[%clk 0:53:15]} h6
{[%clk 1:00:29]} 18. Ref1 {[%clk 0:47:30]} Rf8 {[%clk 1:00:20]} 19. Rh5
{[%clk 0:40:19]} Qd7 {[%clk 0:52:47]} 20. Kb1 {[%clk 0:35:50]} O-O-O
{[%clk 0:50:08]} 21. Qg3 {[%clk 0:25:52]} Ne6 {[%clk 0:34:25]} 22. Rhf5
{[%clk 0:21:37]} Bg5 {[%clk 0:33:04]} 23. Bc1 {[%clk 0:20:25]} Bxc1
{[%clk 0:27:14]} 24. Kxc1 {[%clk 0:20:10]} Nd4 {[%clk 0:27:13]} 25. R5f2
{[%clk 0:19:13]} Qe7 {[%clk 0:26:56]} 26. a4 {[%clk 0:16:13]} Nc6
{[%clk 0:23:27]} 27. Nb5 {[%clk 0:14:03]} Nxe5 {[%clk 0:23:00]} 28. Nxa7+
{[%clk 0:12:29]} Kb8 {[%clk 0:22:58]} 29. Nb5 {[%clk 0:12:06]} d4
{[%clk 0:21:21]} 30. Rxf7 {[%clk 0:07:48]} Rxf7 {[%clk 0:20:37]} 31. Rxf7
{[%clk 0:08:08]} Qxf7 {[%clk 0:17:17]} 32. Qxe5+ {[%clk 0:08:36]} Ka8
{[%clk 0:17:46]} 33. Nc7+ {[%clk 0:07:30]} Ka7 {[%clk 0:17:55]} 34. Nb5+
{[%clk 0:07:12]} Ka6 {[%clk 0:16:55]} 35. Nc7+ {[%clk 0:06:03]} Ka7
{[%clk 0:17:21]} 36. Nb5+ {[%clk 0:04:38]} Ka6 {[%clk 0:17:46]} 37. Nc7+
{[%clk 0:04:45]} 1/2-1/2